[Event "Rheinhessen-ch U16/U18"]
[Site "Heidesheim"]
[Date "2014.01.07"]
[Round "2"]
[White "Litzinger, Carsten"]
[Black "Arnold, Lukas"]
[Result "1-0"]
[WhiteElo "1141"]
[BlackElo "975"]
[PlyCount "73"]
[EventDate "2014.01.07"]
[EventType "swiss"]
[EventRounds "7"]
[EventCountry "GER"]
[SourceTitle "EXT 2015"]
[Source "ChessBase"]
[SourceDate "2014.11.20"]
[SourceVersion "1"]
[SourceVersionDate "2014.11.20"]
[SourceQuality "1"]

1. d4 e6 2. e4 d5 3. Nc3 dxe4 4. Nxe4 Bd7 5. c4 Bc6 6. Nc3 Nf6 7. Nf3 Bd6 8. g3 Nbd7 9. Bg2 0-0 10. 0-0 Re8 11. a4 h6 12. d5 exd5 13. cxd5 Nxd5 14. Nxd5 Nf6 15. Nxf6+ Qxf6 16. Qb3 Rad8 17. Bd2 b6 18. Bc3 Qe7 19. Rfe1 Qd7 20. Ne5 Bxe5 21. Bxc6 Qxc6 22. Rxe5 Rxe5 23. Bxe5 Re8 24. Qc3 Qd7 25. Qxc7 Qxc7 26. Bxc7 Rc8 27. Bf4 Rc4 28. a5 Rb4 29. axb6 axb6 30. Rb1 b5 31. Kf1 Re4 32. Be3 g6 33. Bxh6 Re5 34. Be3 Rh5 35. h4 Kg7 36. Rc1 Rd5 37. Rc5 1-0